[Event "Lindores Abbey Rapid Challenge"]
[Site "Online"]
[Date "2020.05.21"]
[Round "10"]
[White "Grischuk, Alexander"]
[Black "Firouzja, Alireza"]
[Result "0-1"]
[WhiteElo "2784"]
[BlackElo "2703"]
[Annotator "TA"]
[PlyCount "78"]
[EventDate "2020.05.19"]
[EventType "tourn"]
[SourceTitle "playchess.com"]
[Source "ChessBase"]
[SourceQuality "1"]

{[%evp 20,78,53,32,41,16,29,17,34,22,47,45,64,0,35,0,70,33,22,22,17,43,53,-3,-11,-13,-7,-10,0,6,0,0,0,-51,0,-128,-131,-70,-83,-264,-262,-482,-465,-745,-821,-812,-831,-828,-816,-784,-770,-2559,-2352,-5695,-5679,-29983,-29976,-29976,-29977,-29960,-11575]} 1. Nf3 Nf6 2. c4 g6 3. Nc3 Bg7 4. e4 d6 5. d4 O-O 6. Be2 e5 7. O-O Nc6 8. d5 Ne7 9. b4 a5 10. bxa5 Rxa5 11. a4 {outshines the older 11.Nd2.} Ne8 {E97: King's Indian: Classical Main Line (6...e5 7 0-0 Nc6): 8 Be3 and 8 d5 Ne7, not 9 Ne1.} 12. Rb1 {[#]} f5 $146 ({Predecessor:} 12... Ra8 13. Rb3 Kh8 14. Bd2 Ng8 15. Qc2 b6 16. Ra3 Qe7 17. Re1 Bh6 18. a5 f5 19. Bxh6 Nxh6 {1-0 (44) Milos,G (2563)-Crosa Coll,M (2405) Guarapuava 2006}) 13. Ng5 b6 {The position is equal.} 14. Bd2 Ra8 15. Bf3 Ra6 16. Be2 Ra8 17. Bf3 Bf6 (17... Ra6 $11) 18. Ne6 Bxe6 $1 19. dxe6 {Threatens to win with exf5.} f4 20. Nd5 Ng7 21. a5 ({White should try} 21. Bg4 $14) 21... bxa5 $11 22. Bg4 h5 23. Bh3 g5 $36 {[%mdl 2048] Strongly threatening ...g4. Black fights for an advantage.} 24. f3 a4 25. Rb7 a3 26. Bc3 (26. Nxc7 $11 Rb8 27. Rxb8 Qxb8 28. Nb5) 26... a2 (26... Nxd5 $1 $15 27. cxd5 Rb8) 27. Qc2 {[#]} (27. Ba1 $1 $11 {was the only way to keep the balance.}) 27... g4 $1 $17 {[%cal Rg4h3][%mdl 512]} 28. fxg4 (28. Nxf6+ $17 Rxf6 29. fxg4) 28... Nxe6 $15 {aiming for ...Ng5.} 29. Ra1 $2 {This move loses the game for White.} (29. Nxf6+ $17 Rxf6 30. gxh5) 29... Nxd5 $19 30. cxd5 $2 (30. exd5 {is the only way for White.} Ng5 31. Qg6+ Bg7 32. Rb2) 30... Ng5 ({Worse is} 30... Nc5 31. Rb2 $11) 31. Rxa2 (31. Bd2 $142 Nxh3+ 32. gxh3) 31... Rxa2 32. Qxa2 Qc8 33. Qa7 Bd8 34. Rb8 Qd7 35. gxh5 Nxh3+ 36. gxh3 Qxh3 {[%mdl 64] Double Attack} 37. Be1 Kh8 {Black mates.} 38. Qf2 Rg8+ 39. Kh1 Qd3 {Accuracy: White = 34%, Black = 89%.} (39... Qxh5 $2 40. Rb3 $19) 0-1

[Event "Lindores Abbey Rapid Challenge"]
[Site "Online"]
[Date "2020.05.21"]
[Round "10"]
[White "Aronian, Levon"]
[Black "Karjakin, Sergey"]
[Result "1/2-1/2"]
[WhiteElo "2778"]
[BlackElo "2709"]
[Annotator "TA"]
[PlyCount "82"]
[EventDate "2020.05.19"]
[EventType "tourn"]
[SourceTitle "playchess.com"]
[Source "ChessBase"]
[SourceQuality "1"]

{[%evp 16,82,11,17,23,22,30,-7,32,-2,35,22,23,24,22,0,13,-3,3,-7,8,21,13,-1,0,0,0,0,6,-14,0,0,0,-12,0,0,0,-11,-10,-26,-22,-23,-20,-24,-11,-22,-26,-59,-56,-42,0,0,0,-20,0,0,0,0,0,0,0,0,0,0,0,0,0,0,0]} 1. c4 Nf6 2. Nc3 e5 3. Nf3 Nc6 4. g3 Bb4 5. Nd5 Bc5 6. Bg2 d6 7. O-O O-O 8. d3 h6 9. e3 a6 $1 {The main line 9...a6 scores better than 9...a5. A29: English Opening: Four Knights Variation with 4 g3.} 10. Bd2 Ba7 11. Bc3 {[#]} Re8 $146 ({Predecessor:} 11... Rb8 12. d4 Ne4 13. Nxe5 Nxe5 14. Bxe4 Nxc4 15. Bc2 c6 16. Qd3 f5 17. Qxc4 Be6 {1-0 (41) Tomashevsky,E (2689)-Wang,Y (2736) Sochi 2009}) 12. Rc1 Bf5 13. Nh4 Bh7 14. Kh1 Nxd5 15. Bxd5 Rb8 16. Qd2 Ne7 17. Bg2 b5 18. b3 Qd7 19. Rce1 Nf5 20. Nxf5 Bxf5 21. f4 bxc4 22. bxc4 Bh3 23. Bxh3 Qxh3 24. f5 Rb7 25. Qe2 Reb8 26. Qf3 Bc5 27. Rd1 Bb4 28. Ba1 $1 Ba3 29. Bc3 h5 30. f6 {next fxg7 is good for White.} g6 31. d4 exd4 32. exd4 Bb2 {White must now prevent ...Bxc3.} (32... Bb4 $5 {[%cal Rb4c3]} 33. Qe3 Kh7 $11) 33. Qf4 {Qh6! would kill now.The position is equal.} Qc8 $1 ({Weaker is} 33... Bxc3 {[#]} 34. Qh6 $1 {[%mdl 512]} Qxh2+ 35. Kxh2 Rb2+ 36. Kh3 Rh2+ 37. Kxh2 Rb2+ 38. Kh3 Rh2+ 39. Kxh2 c6 40. Qg7#) 34. Ba5 Qg4 35. Qh6 {[%csl Gf6][%cal Rh6g7]} Qe4+ 36. Kg1 {[%csl Gf6][%cal Rh6g7]} Bxd4+ 37. Rxd4 Qxd4+ {[%mdl 64] [#] Double Attack} 38. Kh1 {[%csl Gf6][%cal Rh6g7]} Qe4+ 39. Kg1 {[%csl Gf6][%cal Rh6g7]} Qd4+ 40. Kh1 {[%csl Gf6][%cal Rh6g7]} Qe4+ 41. Kg1 {[%csl Gf6][%cal Rh6g7]} Qd4+ {Accuracy: White = 89%, Black = 88%.} 1/2-1/2

[Event "Lindores Abbey Rapid Challenge"]
[Site "Online"]
[Date "2020.05.21"]
[Round "10"]
[White "Yu, Yangyi"]
[Black "Wei, Yi"]
[Result "1-0"]
[WhiteElo "2738"]
[BlackElo "2752"]
[Annotator "TA"]
[PlyCount "79"]
[EventDate "2020.05.19"]
[EventType "tourn"]
[SourceTitle "playchess.com"]
[Source "ChessBase"]
[SourceQuality "1"]

{[%evp 20,79,0,0,0,0,0,0,0,0,0,0,0,0,40,40,40,35,36,38,58,57,44,27,36,44,42,36,28,27,22,25,31,22,33,24,24,25,18,23,20,16,18,34,152,150,166,155,147,143,141,91,79,101,297,272,299,289,280,281,389,386]} 1. d4 Nf6 2. c4 g6 3. Nc3 d5 4. Nf3 Bg7 5. Qb3 dxc4 6. Qxc4 O-O 7. e4 a6 8. e5 b5 9. Qb3 Nfd7 10. e6 fxe6 11. Qxe6+ Kh8 {Strongly threatening ...Ne5. D97: Grünfeld: Russian System: 7 e4, replies other than 7...Bg4.} 12. Qd5 $5 {[%mdl 4] A promising side line.} Nb6 13. Qxd8 Rxd8 {The position is equal.} 14. Bf4 Ra7 15. O-O-O Nc6 {[%cal Rc6d4]} 16. Be3 {[#]} Nd5 $146 ({Predecessor:} 16... Bg4 17. d5 Na5 18. Be2 Bxf3 19. Bxf3 Nac4 20. Bd4 Bxd4 21. Rxd4 Ne5 22. Be2 c5 23. Re4 Nf7 24. Rd1 Nd6 {½-½ (24) Slivko,V (2257)-Lloyd,G (2259) ICCF email 2014}) 17. Nxd5 Rxd5 18. Bd3 {Black must now prevent Be4.} Bf5 19. Bxf5 gxf5 {[#]} 20. Ne5 $1 {[%mdl 512]} Nd8 (20... Nxe5 21. dxe5) 21. Kb1 Ra8 22. Nd3 Rd6 23. Nf4 Ne6 24. d5 Nxf4 25. Bxf4 Rd7 26. Rhe1 $36 {[%mdl 2048] White has good play.} Bf6 27. Re6 Rad8 28. Rxa6 Rxd5 29. Rxd5 Rxd5 $11 {[%mdl 4096] Endgame KRB-KRB} 30. Rc6 Rd1+ 31. Rc1 Rd4 {[#]} ({Black should play} 31... Rxc1+ $14 32. Bxc1 e5) 32. g3 $1 $16 ({Weaker is} 32. Bxc7 Rd2 $11) 32... Re4 33. Be3 ({Don't play} 33. Rxc7 $6 Re2 $16) 33... e5 34. Rxc7 f4 35. Bb6 Re1+ 36. Kc2 e4 $2 {Now Black is done in.} (36... Re2+ $16 37. Kc1 Bg5) 37. Rf7 $18 ({Much less strong is} 37. gxf4 Kg8 $18) 37... fxg3 38. hxg3 Bg7 39. Be3 Kg8 40. Rb7 {Accuracy: White = 96%, Black = 71%.} 1-0

[Event "Lindores Abbey Rapid Challenge"]
[Site "Online"]
[Date "2020.05.21"]
[Round "11"]
[White "Duda, Jan-Krzysztof"]
[Black "Yu, Yangyi"]
[Result "1/2-1/2"]
[WhiteElo "2774"]
[BlackElo "2738"]
[Annotator "TA"]
[PlyCount "116"]
[EventDate "2020.05.19"]
[EventType "tourn"]
[SourceTitle "playchess.com"]
[Source "ChessBase"]
[SourceQuality "1"]

{[%evp 18,116,41,32,31,33,33,33,33,33,33,33,35,36,48,50,54,53,58,33,57,14,62,41,50,33,39,27,33,30,77,66,75,73,70,62,59,51,55,46,52,45,106,108,126,35,50,55,66,66,83,58,58,58,48,3,3,3,3,-169,-170,-204,-134,-400,-81,-75,-74,-70,0,0,0,0,0,0,0,0,8,0,0,0,33,0,0,0,0,0,8,0,0,0,0,0,0,0,0,0,0,0,0,0,0]} 1. e4 e5 2. Nf3 Nf6 3. Nxe5 d6 4. Nf3 Nxe4 5. d4 d5 6. Bd3 Nc6 7. O-O Be7 8. Nbd2 Nxd2 9. Bxd2 Bg4 10. c3 O-O {C42: Petroff Defence: 3 Nxe5 and unusual White 3rd moves.} 11. h3 Bh5 12. g3 Qd7 {White is slightly better.} 13. Kg2 Bg6 14. Bxg6 fxg6 {[#]} 15. Nh2 $5 $146 {[%mdl 8] New and interesting.} ({Predecessor:} 15. Qc2 Rae8 16. Rae1 Bf6 17. Bf4 Nd8 18. Be5 Nf7 19. Re2 Re7 20. Rfe1 Rfe8 21. h4 {½-½ (37) Langeveld,R (2679)-Kribben,M (2665) ICCF email 2017}) 15... Rf7 16. Qg4 Rf5 17. Rae1 Raf8 18. Qe2 Bd6 19. Qb5 Qc8 20. Ng4 a6 21. Qb3 Na5 22. Qc2 Nc4 23. Bc1 h5 {[#]} 24. Nh2 $1 c5 25. b3 Na5 {[%cal Bc4a5,Ba5c6,Bc6d4][%mdl 32] With the idea ...cxd4.} 26. dxc5 Bxc5 27. Re2 Nc6 28. f4 d4 29. Nf3 {And now cxd4 would win.} Qd7 (29... dxc3 $14 30. Qxc3 Qd7) 30. Rd1 $16 Rd5 31. cxd4 ({White should try} 31. Qe4 $16) 31... Nxd4 $14 {[%mdl 64] Double Attack} 32. Qe4 Rd8 33. Red2 Qc6 34. Ne5 Re8 $1 35. Nxc6 Rxe4 36. Ne5 g5 37. Nf3 gxf4 38. Bb2 $2 {[#]} (38. Nxd4 $11 {and White is okay.} Rdxd4 39. Rxd4 Rxd4 40. Rxd4 Bxd4 41. Bxf4) 38... Nf5 $1 $19 {Threatens to win with ...Rd6.} 39. gxf4 Ne3+ 40. Kg3 $2 {[%mdl 8192]} (40. Kh1 $17 {was the only defense.} Rxd2 41. Nxd2 Rxf4 42. Rg1) 40... Nxd1 $2 (40... Rxd2 $19 {is more deadly.} 41. Nxd2 Nf5+ 42. Kg2 Re2+ 43. Kf3 Re3+ 44. Kg2 Rg3+ 45. Kh2 Rd3) 41. Rxd5 $17 Bf2+ 42. Kh2 {aiming for Rd8+.} Nxb2 (42... Rxf4 $15 43. Rxd1 Rxf3) 43. Rd8+ $11 Kf7 {Strongly threatening ...Re2.} 44. Ng5+ {[%mdl 64] Double Attack} Ke7 45. Nxe4 {Rd2 is the strong threat.} Kxd8 46. Nxf2 {[%mdl 4096] Endgame KN-KN} Kd7 47. Kg3 Ke6 $1 48. Kf3 Kf5 49. Ke3 b5 {The position is equal.} 50. Kf3 a5 51. Ke3 a4 52. Kf3 axb3 53. axb3 g5 54. fxg5 Kxg5 55. Ke4 Kh4 56. Kf3 Kg5 57. Kg3 Kf5 58. Kf3 Kg5 {Accuracy: White = 76%, Black = 78%.} 1/2-1/2

[Event "Lindores Abbey Rapid Challenge"]
[Site "Online"]
[Date "2020.05.21"]
[Round "11"]
[White "Dubov, Daniil"]
[Black "Aronian, Levon"]
[Result "1/2-1/2"]
[WhiteElo "2770"]
[BlackElo "2778"]
[Annotator "TA"]
[PlyCount "71"]
[EventDate "2020.05.19"]
[EventType "tourn"]
[SourceTitle "playchess.com"]
[Source "ChessBase"]
[SourceQuality "1"]

{[%evp 13,71,2,12,0,9,8,14,8,7,7,7,8,14,20,15,0,12,4,0,0,-6,-8,0,0,0,0,23,16,14,14,8,10,14,13,22,6,6,15,10,0,6,0,0,0,11,3,20,20,35,14,14,8,56,8,10,0,59,0,27,0]} 1. d4 Nf6 2. Nf3 d5 3. c4 e6 4. Nc3 Be7 5. Bf4 O-O 6. e3 Nbd7 7. c5 Nh5 8. Bd3 {D37: Queen's Gambit Declined: 5 Bf4.} Nxf4 9. exf4 b6 10. b4 $1 {The position is equal.} a5 11. a3 c6 12. O-O Ba6 13. Bxa6 Rxa6 14. Qc2 Qc7 {[%cal Rb6c5]} 15. g3 Rfa8 {[#] And now ...axb4 would win.} 16. Rab1 axb4 17. axb4 Bf6 18. Kg2 {[#]} h6 $146 ({Predecessor:} 18... g6 19. Rfc1 b5 20. Ne2 Ra3 21. Rb3 Qa7 22. Rcb1 Rxb3 23. Qxb3 Qa2 24. Kf1 Qxb3 25. Rxb3 {0-1 (57) Akobian,V (2647)-Kravtsiv,M (2672) Riadh 2017}) 19. h4 bxc5 20. bxc5 Ra3 21. Rb3 Rxb3 22. Qxb3 Qa5 23. Rc1 {next Qb7 is good for White.} Rb8 24. Qa2 Qxa2 25. Nxa2 Rb2 26. Nc3 Kf8 27. Rb1 Rxb1 28. Nxb1 $11 {[%mdl 4096] Endgame KBN-KNN} Ke7 29. Na3 Nb8 30. Nc2 Na6 31. Kf1 h5 32. Ke2 Kd7 33. Kd3 Ke7 34. Ke2 Kd7 35. Kd3 Ke7 36. Ke2 {Not much happened in this game. Accuracy: White = 85%, Black = 96%.} 1/2-1/2

[Event "Lindores Abbey Rapid Challenge"]
[Site "Online"]
[Date "2020.05.21"]
[Round "11"]
[White "Wei, Yi"]
[Black "Grischuk, Alexander"]
[Result "0-1"]
[WhiteElo "2752"]
[BlackElo "2784"]
[Annotator "TA"]
[PlyCount "74"]
[EventDate "2020.05.19"]
[EventType "tourn"]
[SourceTitle "playchess.com"]
[Source "ChessBase"]
[SourceQuality "1"]

{[%evp 13,74,9,39,29,18,1,31,22,29,31,23,24,31,23,27,0,0,0,7,0,0,0,0,-26,18,8,16,-48,-65,-45,-54,-78,-71,-72,-72,-79,-83,-77,-75,-75,-71,-76,-72,-82,-46,-111,-100,-70,-79,-141,-149,-470,-458,-466,-439,-499,-490,-459,-449,-818,-817,-787,-777]} 1. e4 c5 2. Nf3 d6 3. d4 cxd4 4. Nxd4 Nf6 5. Nc3 Nc6 6. Bg5 e6 7. Qd2 a6 8. Nxc6 {B66: Sicilian: Richter-Rauzer: 7...a6 8 0-0-0 h6.} bxc6 9. O-O-O {Hoping for e5!} Be7 10. Bxf6 {White is slightly better.} gxf6 11. Bc4 Bb7 12. Bb3 Qc7 {[#]} 13. f4 $146 ({Predecessor:} 13. Rhe1 O-O-O 14. f4 d5 15. exd5 cxd5 16. Qf2 Bc5 17. Qh4 f5 18. Kb1 d4 19. Na4 {0-1 (73) Ootes,L (2422)-Martorell Aguado,J (2206) Barcelona 2016}) 13... O-O-O 14. Rhf1 d5 15. Qe2 Kb8 16. a3 h5 17. Kb1 h4 18. f5 Rde8 19. Rf3 {[%cal Re4d5]} Qe5 20. exd5 ({White should try} 20. fxe6 $11 fxe6 21. exd5 Qxe2 22. Nxe2 cxd5 23. Nd4) 20... Qxe2 $1 $15 21. Nxe2 {Strongly threatening d6.} exd5 22. c4 {[%cal Rc4d5] [#]} d4 $1 {[%mdl 512]} 23. Ba4 ({Avoid the trap} 23. Rxd4 $2 c5 $19) 23... c5 24. Rb3 {[#] Bc6 is the strong threat.} Rc8 $1 25. Nf4 Bd6 26. Nd5 Ka7 27. Rh3 Be5 28. Rd2 Rhd8 29. Rxh4 ({Better is} 29. Rc2 $1 $15) 29... Bxd5 $17 30. cxd5 Rxd5 31. Rh7 {[#]} (31. b3 $142) 31... Rc7 $1 32. Be8 $2 {[%mdl 8192] Now White is beyond hope.} (32. b3 $17) 32... Rd8 $19 {Black is clearly winning.} 33. Ba4 c4 34. Ka2 d3 35. Rh4 Rb8 36. Re4 {[#]} (36. Rh3 $142) 36... c3 $1 {[%mdl 512]} 37. bxc3 Bxc3 {Accuracy: White = 61%, Black = 88%.} 0-1

[Event "Lindores Abbey Rapid Challenge"]
[Site "Online"]
[Date "2020.05.21"]
[Round "11"]
[White "So, Wesley"]
[Black "Nakamura, Hikaru"]
[Result "1/2-1/2"]
[WhiteElo "2741"]
[BlackElo "2829"]
[Annotator "TA"]
[PlyCount "71"]
[EventDate "2020.05.19"]
[EventType "tourn"]
[SourceTitle "playchess.com"]
[Source "ChessBase"]
[SourceQuality "1"]

{[%evp 21,71,19,22,25,24,8,9,4,14,4,23,0,0,0,13,16,15,15,18,21,28,5,5,5,7,0,39,0,0,0,0,0,0,0,0,0,0,0,14,-7,-7,-7,-7,-7,2,2,2,-7,0,0,2,-7]} 1. d4 Nf6 2. c4 e6 3. Nf3 d5 4. g3 Be7 5. Bg2 O-O 6. O-O dxc4 7. Ne5 Nc6 8. Bxc6 bxc6 9. Nxc6 Qe8 10. Nxe7+ Qxe7 11. Qa4 e5 12. dxe5 {E05: Open Catalan: 5 Nf3 Be7.} Qxe5 13. Nc3 Ne4 14. Qxc4 Nxc3 15. bxc3 Be6 16. Bf4 Bxc4 17. Bxe5 Rfe8 18. Bxc7 Rxe2 19. a4 Rc8 20. Bf4 {[#]} f6 $146 ({Predecessor:} 20... Rc2 21. Rfc1 Rxc1+ 22. Rxc1 a5 23. Rb1 f6 24. Rb8 Rxb8 25. Bxb8 Bb3 26. Bc7 Bxa4 27. Bxa5 {½-½ (35) So,W (2776)-Aronian,L (2765) Saint Louis 2019}) 21. Rfe1 (21. Rfd1 {looks sharper.} a6 22. Rd7 Bb3 23. a5 Bc4 24. Rb1) 21... Rxe1+ 22. Rxe1 $11 {[%mdl 4096] Endgame KRB-KRB} Bb3 23. a5 Kf7 24. h4 (24. Bd6 {keeps more tension.} Be6 25. Bb4 Rd8 26. Kf1 Rd7 27. Re4) 24... Rxc3 {The position is equal.} 25. Rc1 Rxc1+ 26. Bxc1 {KB-KB} a6 27. Be3 h5 28. Bb6 g6 29. Be3 f5 30. f4 Bc4 31. Bb6 Bb5 32. Kf2 Ba4 33. Ke3 Bb5 34. Kf2 Ba4 35. Ke3 Bb5 36. Kf2 {Not much happened in this game. Accuracy: White = 94%, Black = 95%.} 1/2-1/2

[Event "Lindores Abbey Rapid Challenge"]
[Site "Online"]
[Date "2020.05.21"]
[Round "11"]
[White "Karjakin, Sergey"]
[Black "Ding, Liren"]
[Result "1/2-1/2"]
[WhiteElo "2709"]
[BlackElo "2836"]
[Annotator "TA"]
[PlyCount "65"]
[EventDate "2020.05.19"]
[EventType "tourn"]
[SourceTitle "playchess.com"]
[Source "ChessBase"]
[SourceQuality "1"]

{[%evp 16,65,27,12,16,4,20,8,11,6,33,33,26,29,32,28,21,24,34,20,20,15,21,-4,-4,-7,-2,-15,-17,-15,-19,-39,-31,-46,0,0,-1,-8,-12,-20,0,0,0,0,0,0,0,0,0,0,0,-4]} 1. e4 e5 2. Nf3 Nc6 3. Bb5 Nf6 4. O-O Nxe4 5. d4 Nd6 6. Bxc6 dxc6 7. dxe5 Nf5 8. Qxd8+ Kxd8 9. h3 {Nowadays more popular than 9.Nc3.} Be7 {C67: Ruy Lopez: Berlin Defence: 4 0-0 Nxe4.} 10. Nc3 Nh4 {With the idea ...Nxf3+.} 11. Nxh4 Bxh4 12. Be3 h5 13. Rad1+ Ke8 $1 14. Ne2 {[#]} Bf5 $146 ({Predecessor:} 14... Be7 15. f4 g6 16. Nd4 Bc5 17. Rfe1 Bxd4 18. Rxd4 Bf5 19. c3 Rd8 20. Red1 Rxd4 21. Rxd4 {1-0 (48) Nepomniachtchi,I (2784)-Fakhrutdinov,T (2501) chess.com INT 2020}) 15. Nd4 Bh7 16. f4 Rd8 17. f5 Rd5 18. Bf4 Be7 19. g4 Bc5 20. c3 g6 21. f6 hxg4 22. h4 {[#]} g5 $1 {[%mdl 512]} 23. hxg5 (23. Bxg5 Rxe5) 23... Bg6 24. Rfe1 Bf5 (24... Bc2 $5 {[%cal Rc2d1]} 25. Rd2 Bf5 $15) 25. e6 {The position is equal.} fxe6 26. Kg2 Bxd4 27. Rxd4 Kf7 28. Bxc7 Rh3 29. Bg3 Rh5 30. Bf4 Rh3 31. Bg3 Rh5 32. Bf4 Rh3 33. Bg3 {Accuracy: White = 100%, Black = 91%.} 1/2-1/2

[Event "Lindores Abbey Rapid Challenge"]
[Site "Online"]
[Date "2020.05.21"]
[Round "11"]
[White "Firouzja, Alireza"]
[Black "Carlsen, Magnus"]
[Result "0-1"]
[WhiteElo "2703"]
[BlackElo "2881"]
[Annotator "TA"]
[PlyCount "100"]
[EventDate "2020.05.19"]
[EventType "tourn"]
[SourceTitle "playchess.com"]
[Source "ChessBase"]
[SourceQuality "1"]

{[%evp 9,100,-14,-9,-6,-7,-8,-4,0,0,7,0,-9,-7,-10,0,-42,-12,-51,-14,-26,-17,-20,-21,-27,0,0,0,0,0,0,0,-12,0,-47,-36,-50,0,-21,-17,-27,-13,-41,-20,-25,0,0,0,0,0,-41,-59,-60,-55,-48,-41,-40,-52,-160,-149,-237,-234,-615,-622,-655,-654,-653,-646,-29979,-6397,-5700,-4937,-5681,-4933,-4845,-4810,-2518,-2263,-5293,-783,-697,-703,-893,-881,-833,-821,-744,-558,-760,-675,-606,-578,-544,-538]} 1. Nf3 d5 2. g3 g6 3. c4 dxc4 4. Na3 Bg7 5. Nxc4 Nc6 6. d3 {A09: Réti Opening: 1 Nf3 d5 2 c4.} e5 7. Bd2 Nge7 8. h4 {The position is equal.} h6 9. Bc3 f6 {[#]} 10. Bg2 $146 ({Predecessor:} 10. Ne3 Be6 11. h5 g5 12. g4 Qd7 13. Nd2 Nd5 14. Nxd5 Bxd5 15. Ne4 O-O-O 16. Qa4 {0-1 (72) Grischuk,A (2771)-Nepomniachtchi,I (2763) St Petersburg 2018}) 10... Be6 11. O-O O-O 12. Rc1 a5 13. Qa4 Qd7 14. Rfd1 Rfd8 15. a3 b6 16. e3 Rab8 17. Qc2 {[#]} a4 $1 {[%mdl 512]} 18. Ne1 (18. Qxa4 b5) 18... b5 19. Nd2 Bg4 20. Ndf3 Be6 21. Qb1 Bb3 22. Nc2 Qe6 23. Nd2 Bd5 ({Much weaker is} 23... Rxd3 $6 24. Nb4 $16) 24. Ne4 f5 25. Nc5 Qf7 {Strongly threatening ...Bxg2.} 26. e4 fxe4 (26... Ba2 $5 27. Qa1 $8 fxe4 $11) 27. dxe4 Ba2 $36 {[%mdl 2048] Black has good play.} 28. Qa1 Bc4 29. Ne3 (29. Na6 $5 {[%cal Ra6b8]}) 29... Nd4 $1 {[%cal Rd4e2] aiming for ...Ne2+.} 30. Bxd4 exd4 31. Nxc4 bxc4 32. Bh3 {Hoping for Be6.} Rd6 {White must now prevent ...Rb5.} 33. Qa2 {White is on the road to losing.} (33. Nd7 $1 $15 Rb5 34. Qa2) 33... Rb3 $1 $17 34. Nxa4 (34. e5 $17 Bxe5 35. Nxb3 axb3 36. Qb1) 34... d3 $19 {Threatens to win with ...Bd4.} 35. Nc5 $2 {[#]} (35. Rxc4 Qxc4 {[%mdl 64] Double Attack} 36. Nc5 $1 {[%mdl 512]} Qxc5 37. Qxb3+ Kh7 38. Rxd3) 35... Bd4 $1 {[%mdl 64] Double Attack} 36. Nxb3 Qxf2+ 37. Kh1 Qxg3 {[%cal Rg3h3][%mdl 64] Double Attack} 38. Rd2 Qxh3+ 39. Rh2 {Black is clearly winning.} Qf3+ {[%mdl 64] Double Attack} 40. Rg2 cxb3 41. Qxb3+ Kg7 42. Qd1 Qxe4 43. Qe1 Qxe1+ (43... Be3 $142 44. Rd1 d2) 44. Rxe1 Nf5 45. h5 Be3 46. hxg6 d2 47. Rd1 Bg5 48. Rf2 Kxg6 49. a4 Rd4 50. a5 Ra4 {Accuracy: White = 63%, Black = 77%.} 0-1